Piesne družby miešané zbory : partitúra /

Další autoři: Krištof, Anton, Dunajevskij, Isaak Osipovič, 1900-1955
Jazyk: Slovenština
Vydáno: Bratislava : Opus, 1973
Vydání: 1. vyd.
Fyzický popis: 1 partitura (19 s.)
Hudebniny Hudebniny
Uloženo v:
LEADER 00830ncm a22002412a 4500
001 000876938
003 CZ BrMZK
005 20130821144908.0
007 qu
008 071126s1973 xo |||||r|||||||| slo d
040 |a BOA001  |b cze 
072 7 |a 784  |x Vokální hudba  |2 Konspekt  |9 9 
245 0 0 |a Piesne družby  |h [hudebnina] :  |b miešané zbory : partitúra /  |c výber zostavil Anton Krištof ; Dunajevskij, ... [et al.] 
250 |a 1. vyd. 
260 |a Bratislava :  |b Opus,  |c 1973 
300 |a 1 partitura (19 s.) 
500 |a Zborový spev 
700 1 |a Krištof, Anton  |7 xx0080299  |4 com 
700 1 |a Dunajevskij, Isaak Osipovič,  |d 1900-1955  |7 jn20000700448  |4 cmp 
910 |a BOA001  |b Mus4-0706.193 
990 |a MU 
991 |b 201206 
996 6 |b 2619246561  |c Mus4-0706.193  |l MZK  |r Sklad / do 1 hodiny  |n 2  |w 000876938  |u 000010  |a 1  |e BOA001  |j MZK50  |s P